000 00422nam a2200181Ia 4500
001 19036
005 20260306171714.0
008 260306s9999||||xx |||||||||||||| ||und||
041 _aESP
082 _a658.8
_bA69P
100 _aArellano, Rolando
_eAUT
245 0 _aMarketing para vivir mejor
260 _c2013
300 _a252 páginas :
_c23 cm.
650 _aGEN
654 _aCAN
942 _cLIB
_dJUS
_fJUS
_2ddc
_n
999 _c19036
_d19036